00827 2200313 4500001002100000005001500021035002000036007000300056040001700059100002800076245004500104300003000149041000800179082000800187084001400195090002000209264003400229336002100263337003000284338002300314650001800337850001000355008004100365250001200406504002900418990002200447990002200469990002200491INLIS00000000000809720260529082258 a0010-0922000586ta aSBPUPADbind0 aAgus SachariePengarang1 aDesain Gaya dan Realitas /cAgus Sachari a150 hlm :bilus. ;c18 cm07aind a720 a720 AGU d a721 GAT p L22-7 a.--Jakarta :bRajawali,c1986 2rdacontentateks 2rdamediaatanpa perantara 2rdacarrieravolume 4aDesain grafis aPUPAD260529 0  a.-Cet.1 aBibliografi, hlm 149-150 a0740/ARPUS-PDG/06 a0741/ARPUS-PDG/06 a0742/ARPUS-PDG/06